000 01563nam a2200277Ia 4500
003 PE SENCICO BE
005 20251020182514.0
008 200515s9999 xx 000 0 und d
020 _a978-958-682-810-9
040 _aPE SENCICO BE
_cPE SENCICO BE
041 _aspa
082 _a620.82
_bR92
100 1 _aRueda Ortiz, Maury Javier
_9347
_eautor
245 1 0 _aManual de ergonomía y seguridad /
_cMaury Javier Rueda Ortiz, Mónica Zambrano Vélez
250 _a[1a ed.]
260 _aMéxico, D.F: :
_bAlfaomega ;
_c2013
300 _a249 p.
_bil. ;
_c24 cm.
505 0 _aManipulación manual de cargas -- Mobiliario -- Problemas de trabajo y pasarelas -- Herramientas manuales -- Escaleras -- Grúas puente -- Medios de protección en maquinaria -- Banco de trabajo industrial
520 3 _aLa pedagogía en prevención es uno de los objetivos de una política pública, y en este marco de iniciativas los autores desean contribuir a la salud laboral con el presente manual. Este texto de lenguaje sencillo tiene dos cualidades: presenta los patrones técnicos o estándares de diseño de elementos, herramientas, puestos y espacios de trabajo comunes en las empresas y contempla medidas de prevención para empleadores y trabajadores en la consecución de entornos de trabajo y comportamientos seguros y saludables.
650 1 0 _aErgonomía
_9349
650 2 0 _aMedidas de seguridad
_92480
650 2 0 _aSeguridad industrial
_996
650 2 0 _aPlataformas de carga
_92725
700 1 _9350
_aZambrano Vélez, Mónica
_eautor
942 _cLIB
_2ddc
999 _c1528
_d1528